Las florecillas de San Francisco / (Registro nro. 32553)
[ vista simple ]
| 000 -CABECERA | |
|---|---|
| campo fijo de control de longitud | 00714nam a2200217 4500 |
| 001 - NÚMERO DE CONTROL | |
| campo de control | 32553 |
| 003 - IDENTIFICADOR DEL NÚMERO DE CONTROL | |
| campo de control | AR-RoBPED |
| 005 - FECHA Y HORADE LA ULTIMA TRANSACCION | |
| campo de control | 20260413091418.0 |
| 008 - ELEMENTOS DE LONGITUD FIJA--INFORMACION GENERAL | |
| campo fijo de control de longitud | 260410s1969 es |||er|||| 001 1 spa d |
| 040 ## - FUENTE CATALOGADORA | |
| Centro catalogador/agencia de origen | AR-RoBPED |
| 041 ## - IDIOMA | |
| Código de idioma para texto/pista de sonido o título independiente | spa |
| 245 04 - TITULO | |
| Título | Las florecillas de San Francisco / |
| Mención de responsabilidad | Versión castellana y prólogo de Federico Muelas. |
| 260 ## - PUBLICACION | |
| Lugar | España: |
| Editor | Salvat, |
| Fecha | 1969. |
| 300 ## - DESCRIPCION FISICA | |
| Extensión | 175 p. |
| 490 0# - SERIE | |
| Mención de serie | (Biblioteca Basica Salvat; |
| Designación de volumen o secuencia | N° 77) |
| 600 10 - TERMINO DE MATERIA--NOMBRE DE PERSONA | |
| Nombre de persona | Francisco de Asís, santo |
| Fecha de nac-muerte | 1182-1226 |
| 9 (RLIN) | 27688 |
| 650 #4 - TERMINO DE MATERIA--CONTROLADO | |
| Término controlado | LITERATURA ITALIANA |
| 9 (RLIN) | 497 |
| 700 ## - ENCABEZAMIENTO SECUNDARIO--AUTOR PERSONAL | |
| Nombre de persona | Muelas, Federico |
| Fecha de nac-muerte | 1909-1974 |
| 9 (RLIN) | 30712 |
| Función | prolog. |
| 942 ## - ELEMENTOS KOHA | |
| Fuente de clasificación | Universal Decimal Classification |
| Número Koha | K. 32553 |
| Koha tipo de ítem | Libro |
| Clasificación | 850-3 |
| Signatura librística | F 65 |
| Inventario | inv. 42372 |
| 945 ## - PROCESAMIENTO DE LA INFORMACIÓN LOCAL | |
| Catalogador y fecha | mm 10/04/2026 - cd 13/04/2026 |
| Estado retirado | Estado perdido | Fuente de clasificación | Estado dañado | No se presta | Biblioteca propietaria | Biblioteca de reserva | Fecha de adquisición | Procedencia | Total de préstamos | Signatura topográfica completa | Código de barras (nº de inventario) | Fecha visto por última vez | Catalogador y fecha | Tipo de ítem Koha | Nota pública |
|---|---|---|---|---|---|---|---|---|---|---|---|---|---|---|---|
| Universal Decimal Classification | Biblioteca Pedagógica Eudoro Díaz | Biblioteca Pedagógica Eudoro Díaz | 07/04/2026 | Donacion | 850-3 F 65 | 42372 | 10/04/2026 | mm 10/04/2026 | Libro | Se presta 15 días. |